Central Library OPAC University of Rajshahi

The electronic structure of molecules: (Record no. 9503)

MARC details
000 -LEADER
fixed length control field 00736cam a22002531 4500
001 - CONTROL NUMBER
control field 9503
003 - CONTROL NUMBER IDENTIFIER
rucl marc code BD-RjUL
005 - DATE AND TIME OF LATEST TRANSACTION
control field 20211208234805.0
008 - FIXED-LENGTH DATA ELEMENTS--GENERAL INFORMATION
fixed length control field 140121s1964 enka b 000 0 eng
035 ## - SYSTEM CONTROL NUMBER
System control number (BD-RjUL)
040 ## - CATALOGING SOURCE
Original cataloging agency DLC
Transcribing agency DLC
Modifying agency DLC
-- BD-RjUL
Language of cataloging eng
041 ## - LANGUAGE CODE
Language code of text/sound track or separate title eng
082 00 - DEWEY DECIMAL CLASSIFICATION NUMBER
Classification number 541.22
Author mark and year LIE 1964
100 1# - MAIN ENTRY--PERSONAL NAME
Personal name Linnett, J. W.
9 (RLIN) 29437
245 14 - TITLE STATEMENT
Title The electronic structure of molecules:
Remainder of title a new approach /
Statement of responsibility, etc. by J. W. Linnett.
260 ## - PUBLICATION, DISTRIBUTION, ETC. (IMPRINT)
Place of publication, distribution, etc. London,
-- New York :
Name of publisher, distributor, etc. Methuen;
-- Wiley,
Date of publication, distribution, etc. [1964]
300 ## - PHYSICAL DESCRIPTION
Pagination vii, 167 p. :
Illustrations illus. ;
Size 23 cm.
504 ## - BIBLIOGRAPHY, ETC. NOTE
Bibliography, etc Bibliography: p. 161-162.
650 #0 - SUBJECT ADDED ENTRY--TOPICAL TERM
Topical term or geographic name as entry element Electrons.
9 (RLIN) 27747
Topical term or geographic name as entry element Molecular structure.
9 (RLIN) 28116
942 ## - ADDED ENTRY ELEMENTS (KOHA)
Source of classification or shelving scheme Dewey Decimal Classification
Koha item type Books
Holdings
Lost status Source of classification or shelving scheme Damaged status Not for loan Collection code Permanent Location Current Location Shelving location Date acquired Source of acquisition Cost, normal purchase price Total Checkouts Full call number Date last seen Copy number Koha item type
  Dewey Decimal Classification   Not For Loan Non-fiction Central Library, University of Rajshahi Central Library, University of Rajshahi Reading Room 23/04/1968 Zeitlinger 25.00   541.22 LIE 1964 21/01/2014 C-1 Books